| 000 | 00000nam 2200000zi 4500 |
| 001 | 9.954812 |
| 003 | CaOODSP |
| 005 | 20250923160602 |
| 006 | m o d f |
| 007 | cr |n||||||||| |
| 008 | 250904e20230515oncd ob f|0| 0 eng d |
| 040 | |aCaOODSP|beng|erda|cCaOODSP |
| 043 | |an-cn--- |
| 086 | 1 |aT33-37/2023E-PDF |
| 100 | 1 |aClasby, Dustin, |eauthor. |
| 245 | 10|aFire risks in railway operations / |cfor Transport Canada; prepared by Dustin Clasby. |
| 264 | 1|a[Ottawa] : |b[Transport Canada], |cMay 15, 2023. |
| 300 | |a1 online resource (iv, 34, 2 pages) : |bcharts |
| 336 | |atext|btxt|2rdacontent |
| 337 | |acomputer|bc|2rdamedia |
| 338 | |aonline resource|bcr|2rdacarrier |
| 500 | |a"Proprietary Report P-23-015." |
| 504 | |aIncludes bibliographical references. |
| 520 | |a"In 2022 and 2023, Transport Canada contracted MxV Rail to study technologies and methods that can be used to identify and address fire risks in the rail industry. The objectives of this study were to determine the elements of railway operations that are susceptible to causing sparks and fires and understand technologies or policy changes that can reduce fire risks and build resiliency in the rail network"--Executive Summary, page i. |
| 650 | 0|aRailroad trains|xFires and fire prevention|zCanada. |
| 650 | 0|aRailroads|zCanada|xSafety measures. |
| 650 | 6|aTrains|xIncendies et prévention des incendies|zCanada. |
| 650 | 6|aChemins de fer|zCanada|xSécurité|xMesures. |
| 710 | 2 |aTransport Canada, |eissuing body. |
| 710 | 1 |aMxV Rail, |econsultant. |
| 856 | 40|qPDF|s1.03 MB|uhttps://publications.gc.ca/collections/collection_2025/tc/T33-37-2023-eng.pdf |